| 000 | 00793nam a2200253Ia 4500 | ||
|---|---|---|---|
| 003 | OSt | ||
| 005 | 20220918170701.0 | ||
| 006 | a|||||r|||| 00| 0 | ||
| 007 | ta | ||
| 008 | 220917b |||||||| |||| 00| 0 eng d | ||
| 020 |
_a9780415549172 (hbk) _c6194.80 |
||
| 024 | _a243,534 | ||
| 037 |
_b45, 18/08/2010, Sunrise Books _cTextual |
||
| 040 |
_aARTS _cARTS _beng |
||
| 041 |
_2eng _aeng |
||
| 082 | _aX:77.212, Q0 | ||
| 100 |
_aK. Ravi Raman Ed. _930304 |
||
| 245 | 0 |
_aDevelopment, democracy and the state _b Critiquing the Kerala Model of development |
|
| 260 |
_aLondon _bRoutledge UK _c2010 |
||
| 300 |
_aviii, 262p. _ccm. |
||
| 650 | _aECONOMICS | ||
| 942 |
_hX:77.212, Q0 _cTEXL _2CC |
||
| 999 |
_c135101 _d135101 |
||